Teoría general del acto jurídico

Shranjeno v:
Bibliografske podrobnosti
Glavni avtor: Vial del Río, Víctor Manuel (Author)
Format: Knjiga
Jezik:španščina
Izdano: Santiago Jurídica 2003
Izdaja:5a. ed
Teme:
Oznake: Označite
Brez oznak, prvi označite!

MARC

LEADER 00000nam a2200000 a 4500
001 UCL3124
003 CL-VaPUC
008 031114e20030000CL |||||||||||||||||spa|d
020 |a 9561014882 
082 0 4 |a 346.83013  |b VIA  |2 21 
100 0 |a Vial del Río, Víctor Manuel  |e author  |9 480355 
245 1 0 |a Teoría general del acto jurídico 
250 |a 5a. ed 
300 |a 407 p 
942 |c BK 
945 |d 20031114 00:00:00  |a cmena 
260 |a Santiago  |b Jurídica  |c 2003 
650 0 |a Código civil chileno  |9 255931 
650 0 |a Actos jurídicos  |9 255748 
650 0 |a Jurisprudencia  |9 255952 
583 |a last modification  |c 20180511 12:15:25  |k Rodrigo Vera 
999 |c 306255  |d 306253 
952 |0 0  |1 0  |4 0  |6 346_830130000000000_VIA_2003  |7 0  |8 A  |9 371133  |a BIBDER  |b BIBDER  |d 2019-11-21  |i 3963187  |l 5  |m 1  |o 346.83013 VIA 2003  |p 3963187  |r 2025-04-14  |s 2025-04-08  |w 2019-11-21  |y BK  |k DER 
952 |0 0  |1 0  |4 0  |6 346_830130000000000_VIA_2003  |7 0  |8 A  |9 371135  |a BIBDER  |b BIBDER  |d 2019-11-21  |i 4395905  |l 10  |m 1  |o 346.83013 VIA 2003  |p 4395905  |r 2025-04-11  |s 2025-04-10  |w 2019-11-21  |y BK  |k DER 
952 |0 0  |1 0  |4 0  |6 346_830130000000000_VIA_2003  |7 0  |8 A  |9 371137  |a BIBDER  |b BIBDER  |d 2019-11-21  |i 4744306  |l 3  |o 346.83013 VIA 2003  |p 4744306  |r 2024-05-06  |s 2024-04-24  |w 2019-11-21  |y BK  |k DER 
952 |0 0  |1 0  |4 0  |6 346_830130000000000_VIA_2003  |7 0  |8 A  |9 371138  |a BIBDER  |b BIBDER  |d 2019-11-21  |i 4744314  |l 11  |m 1  |o 346.83013 VIA 2003  |p 4744314  |r 2025-03-31  |s 2025-03-13  |w 2019-11-21  |y BK  |k DER